书目信息 |
| 题名: |
功能材料概论
|
|
| 作者: | 殷景华 主编 | |
| 分册: | ||
| 出版信息: | 哈尔滨 哈尔滨工业大学出版社 1999.08 |
|
| 页数: | 271页 | |
| 开本: | 16开 | |
| 丛书名: | ||
| 单 册: | ||
| 中图分类: | TH14-43 | |
| 科图分类: | ||
| 主题词: | 机械制造材料 | |
| 电子资源: | ||
| ISBN: | 7-5603-1384-1 | |
| 000 | 00569nam0 2200193 45 | |
| 001 | 1009080037 | |
| 005 | 20100908000759.9 | |
| 010 | @a7-5603-1384-1@d19.80元 | |
| 100 | @a20100908d1999 km y0chiy0120 ea | |
| 101 | 0 | @achi |
| 105 | @a z 000yy | |
| 200 | 1 | @a功能材料概论@AGong Neng Cai Liao Gai Lun@f殷景华等主编@FYin Jing Hua Deng Zhu Bian |
| 210 | @a哈尔滨@c哈尔滨工业大学出版社@d1999.08 | |
| 215 | @a271页@d16开 | |
| 606 | 0 | @a机械制造材料 |
| 690 | @aTH14-43@v3 | |
| 701 | 0 | @a殷景华@4主编 |
| 801 | @aCN@bPftUser@c20100908 | |
| 905 | @b133434-438@dTH14-43@eY321@f5 | |
| 功能材料概论/殷景华等主编.-哈尔滨:哈尔滨工业大学出版社,1999.08 |
| 271页;16开 |
| ISBN 7-5603-1384-1:19.80元 |
| ● |
| 相关链接 |
|
|
|
正题名:功能材料概论
索取号:TH14-43/Y321
 
预约/预借
| 序号 | 登录号 | 条形码 | 馆藏地/架位号 | 状态 | 备注 |
| 1 | 133434 | 201334341 | 自科二线400A/400A自科库 26排1列3层/ [索取号:TH14-43/Y321] | 在馆 | |
| 2 | 133435 | 201334350 | 自科库501/501自科库 38排1列3层/ [索取号:TH14-43/Y321] | 在馆 | |
| 3 | 133436 | 201334369 | 自科库501/501自科库 38排1列3层/ [索取号:TH14-43/Y321] | 在馆 | |
| 4 | 133437 | 201334378 | 自科二线504/504自科库 39排1列1层/ [索取号:TH14-43/Y321] | 在馆 | |
| 5 | 133438 | 201334387 | 自科二线504/504自科库 39排1列1层/ [索取号:TH14-43/Y321] | 在馆 |